000 00606nam a2200205Ii 4500
003 JO-AjNU
008 230605s9999||||xx |||||||||||||| ||und||
017 _a1999/8/1363
040 _aJO-AjNU
_bara
_erda
_cJO-AjNU
041 _aara
050 1 4 _aPJ7846.A828 A17 1999
100 3 _aمساعده، نائل,
_eauthor
_947184
245 0 0 _aنكهة القصيد
264 3 1 _aد.م: د.ن، 1999
300 _a59ص
336 _atext
_btxt
_2rdacontent
337 _aunmediated
_bn
_2rdamedia
338 _avolume
_bnc
_2rdacarrier
650 4 _aالشعر العربي - الشعر الحديث
_947185
999 _aA20580
_c24148
_d24148